Every Melanie Martinez song - Statistics

General Stats
  • This quiz has been taken 9 times
  • The average score is 38 of 75
Answer Stats
Answer % Correct
Cake
100%
Cry Baby
100%
Dollhouse
100%
Mad Hatter
100%
Wheels on the Bus
100%
Copycat
75%
DEATH
75%
GARBAGE
75%
High School Sweethearts
75%
Milk and Cookies
75%
MONOPOLY MAN
75%
MOON CYCLE
75%
Mrs. Potato Head
75%
Pacify Her
75%
Recess
75%
Sippy Cup
75%
Soap
75%
Teddy Bear
75%
THE VATICAN
75%
Training Wheels
75%
WOMB
75%
Alphabet Boy
50%
AVOIDANT
50%
BATTLE OF THE LARYNX
50%
Brain & Heart
50%
Carousel
50%
Class Fight
50%
Detention
50%
DISNEY PRINCESS
50%
EVIL
50%
Field Trip
50%
Fire Drill
50%
Gingerbread Man
50%
GRUDGES
50%
GUTTER
50%
LIGHT SHOWER
50%
Numbers
50%
Nurse's Office
50%
Orange Juice
50%
Pity Party
50%
Play Date
50%
PLUTO
50%
POSSESION
50%
Show & Tell
50%
SPIDER WEB
50%
Strawberry Shortcake
50%
Tag, You're It
50%
Teacher's Pet
50%
Test Me
50%
The Bakery
50%
THE LAST TWO PEOPLE ON EARTH
50%
TUNNEL VISION
50%
VOID
50%
BATSHIT INTELLIGENCE
25%
Bittersweet Tragedy
25%
CHATROOM
25%
Dead to Me
25%
Drama Club
25%
FAERIE SOIRÉE
25%
Glued
25%
HELL'S FRONT PORCH
25%
IS THIS A CULT?
25%
LEECHES
25%
Lunchbox Friends
25%
MILK OF THE SIREN
25%
MONOLITH
25%
Notebook
25%
NYMPHOLOGY
25%
POWDER
25%
THE CONTORTIONIST
25%
THE PLAGUE
25%
The Principal
25%
WEIGHT WATCHERS
25%
WHITE BOY WITH A GUN
25%
UNCANNEY VALLEY
0%
No matching quizzes found
Score Distribution
Percent of People with Each Score
Percentile by Number Answered
Your Score History
You have not taken this quiz